[Event "2. Bundesliga Ost 2013/2014"]
[Site "Wien"]
[Date "2014.01.25"]
[Round "6"]
[Board "4"]
[White "Theissl-Pokorna, Regina"]
[Black "Juraczka, Franz"]
[Result "1-0"]
[WhiteElo "2343"]
[BlackElo "2240"]
[PlyCount "63"]
[EventDate "2013.10.05"]
[EventType "team"]
[EventRounds "11"]
[EventCountry "AUT"]
[WhiteTeam "SK Austria"]
[BlackTeam "Raiffeisen Waehring"]

1. e4 c5 2. Nf3 e6 3. d4 cxd4 4. Nxd4 a6 5. Nc3 Qc7 6. Bd3 Nc6 7. Be3 Nf6 8.
O-O Ne5 9. h3 h5 10. f4 Nc4 11. Bxc4 Qxc4 12. e5 Nd5 13. Nxd5 Qxd5 14. Nb3 Qc6
15. Qd4 b5 16. Rf2 Qc7 17. f5 Bb7 18. fxe6 fxe6 19. Bg5 Qc4 20. Qd2 Be4 21. Rd1
Qc6 22. Qf4 Bg6 23. Qg3 Qe4 24. Rd4 Qc6 25. c3 Rc8 26. Rdf4 Qb6 27. Bh4 Bb1 28.
Rxf8+ Rxf8 29. Qxg7 Qxf2+ 30. Bxf2 Rc4 31. Bc5 Rcf4 32. Qe7# 1-0

[Event "2. Bundesliga Ost 2013/2014"]
[Site "Wien"]
[Date "2014.01.25"]
[Round "6"]
[Board "5"]
[White "Lovrinovic, Christian"]
[Black "Druckenthaner, Andreas"]
[Result "1/2-1/2"]
[WhiteElo "2140"]
[BlackElo "2324"]
[PlyCount "146"]
[EventDate "2013.10.05"]
[EventType "team"]
[EventRounds "11"]
[EventCountry "AUT"]
[WhiteTeam "Raiffeisen Waehring"]
[BlackTeam "SK Austria"]

1. d4 Nc6 2. Nf3 d6 3. c4 e5 4. d5 Nce7 5. e4 g6 6. Nc3 Bg7 7. Be2 h6 8. h3 f5
9. exf5 gxf5 10. Nh4 Nf6 11. Bh5+ Nxh5 12. Qxh5+ Kf8 13. Bd2 Bd7 14. O-O Qe8
15. Qe2 Bf6 16. Nf3 Qg6 17. Kh1 Rg8 18. Rg1 Re8 19. Rae1 a6 20. b3 e4 21. Nh2
Qg7 22. Rc1 Ng6 23. Qh5 f4 24. Ng4 Bg5 25. Nd1 Bxg4 26. Qxg4 Qf7 27. Rc2 Ne5
28. Qe2 Qg6 29. Nc3 e3 30. Be1 exf2 31. Bxf2 Nf3 32. Qxf3 Qxc2 33. Bd4 Qd2 34.
Bf2 Bf6 35. Nb1 Qb2 36. Qxf4 Re2 37. Rf1 Ke8 38. Qf5 Kd8 39. g4 Qe5 40. Qf3 Qe4
41. Qxe4 Rxe4 42. Bg3 Be5 43. Bh4+ Kc8 44. Re1 Rd4 45. Bf2 Rd3 46. Re3 Rd1+ 47.
Re1 Rxe1+ 48. Bxe1 Re8 49. Bd2 Bd4 50. Kg2 Be3 51. Bc3 Bg5 52. Kf2 c6 53. dxc6
bxc6 54. Bb4 Kd7 55. Nd2 d5 56. cxd5 cxd5 57. Nf3 Be3+ 58. Kg3 d4 59. Ne1 Ke6
60. h4 Kd5 61. Nd3 Rc8 62. Kf3 Rc2 63. a3 Rh2 64. Be1 Rh1 65. Nb4+ Ke6 66. Nd3
Kd5 67. Nb4+ Kd6 68. Nd3 Rf1+ 69. Ke4 Rf7 70. Bg3+ Ke6 71. Nc5+ Kf6 72. b4 Re7+
73. Kd3 Bc1 1/2-1/2

[Event "2. Bundesliga Ost 2013/2014"]
[Site "Wien"]
[Date "2014.01.25"]
[Round "6"]
[Board "6"]
[White "Higatsberger, Michael"]
[Black "Dragnev, Valentin"]
[Result "0-1"]
[WhiteElo "2197"]
[BlackElo "2037"]
[PlyCount "38"]
[EventDate "2013.10.05"]
[EventType "team"]
[EventRounds "11"]
[EventCountry "AUT"]
[WhiteTeam "SK Austria"]
[BlackTeam "Raiffeisen Waehring"]

1. e4 e5 2. Nf3 Nc6 3. d4 exd4 4. Nxd4 Bb4+ 5. Nc3 Nf6 6. Nxc6 bxc6 7. Bd3 O-O
8. O-O d5 9. exd5 cxd5 10. h3 Rb8 11. Qf3 Bd6 12. Nb5 Bc5 13. Bf4 Qd7 14. Nxc7
Rb6 15. c4 dxc4 16. Bxc4 Bb7 17. Qg3 Nh5 18. Qh2 Nxf4 19. Qxf4 Bd6 0-1

[Event "2. Bundesliga Ost 2013/2014"]
[Site "Wien"]
[Date "2014.01.25"]
[Round "6"]
[Board "1"]
[White "Csonka, Attila"]
[Black "Zilka, Stepan"]
[Result "0-1"]
[WhiteElo "2387"]
[BlackElo "2525"]
[PlyCount "62"]
[EventDate "2013.10.05"]
[EventType "team"]
[EventRounds "11"]
[EventCountry "AUT"]
[WhiteTeam "SGM Sparkasse Ternitz"]
[BlackTeam "Blackburne Nickelsdorf"]

1. e4 e5 2. Nf3 Nc6 3. Bc4 Bc5 4. c3 Nf6 5. d3 a6 6. Bb3 d6 7. Nbd2 O-O 8. Qe2
Ba7 9. Nf1 Ng4 10. Be3 Nxe3 11. Nxe3 a5 12. O-O a4 13. Bc2 b5 14. a3 Bd7 15.
Rad1 Rb8 16. Rfe1 f6 17. Bb1 Qe8 18. Nh4 Nd8 19. Qf3 Kh8 20. d4 Ne6 21. d5 Nc5
22. Bc2 g6 23. Kh1 f5 24. exf5 g5 25. Ng6+ hxg6 26. Qh3+ Kg7 27. Ng4 Rh8 28.
Qg3 Bxf5 29. Bxf5 gxf5 30. Nxe5 Qh5 31. Rd4 Rbe8 0-1

[Event "2. Bundesliga Ost 2013/2014"]
[Site "Wien"]
[Date "2014.01.25"]
[Round "6"]
[Board "2"]
[White "Pinter, Erik"]
[Black "Schwarhofer, Christopher"]
[Result "0-1"]
[WhiteElo "2358"]
[BlackElo "2310"]
[PlyCount "78"]
[EventDate "2013.10.05"]
[EventType "team"]
[EventRounds "11"]
[EventCountry "AUT"]
[WhiteTeam "Blackburne Nickelsdorf"]
[BlackTeam "SGM Sparkasse Ternitz"]

1. e4 c5 2. Nf3 e6 3. c3 Nf6 4. Bd3 d5 5. e5 Nfd7 6. O-O Nc6 7. Bb5 a6 8. Bxc6
bxc6 9. d3 Be7 10. Re1 O-O 11. Nbd2 a5 12. Nf1 a4 13. Ng3 Qa5 14. Qc2 Ba6 15.
Bg5 Bxg5 16. Nxg5 h6 17. Nf3 Rfb8 18. Re2 c4 19. d4 a3 20. bxa3 Qxa3 21. Nh5
Nb6 22. Re3 Na4 23. Nh4 Qb2 24. Qxb2 Rxb2 25. Rg3 g6 26. Nxg6 fxg6 27. Rxg6+
Kf7 28. Rf6+ Ke7 29. Nf4 Bc8 30. Ng6+ Kd8 31. Rf8+ Kc7 32. Rf7+ Bd7 33. Nf8
Rxf8 34. Rxf8 Nxc3 35. Kf1 Ne2 36. Rf3 c3 37. Re3 c5 38. a4 Bxa4 39. Ke1 c2 0-1

[Event "2. Bundesliga Ost 2013/2014"]
[Site "Wien"]
[Date "2014.01.25"]
[Round "6"]
[Board "3"]
[White "Danner, Georg"]
[Black "Vlcek, Stanislav"]
[Result "1-0"]
[WhiteElo "2316"]
[BlackElo "2309"]
[PlyCount "131"]
[EventDate "2013.10.05"]
[EventType "team"]
[EventRounds "11"]
[EventCountry "AUT"]
[WhiteTeam "SGM Sparkasse Ternitz"]
[BlackTeam "Blackburne Nickelsdorf"]

1. d4 Nf6 2. Nf3 g6 3. c4 Bg7 4. Nc3 d6 5. e4 O-O 6. Be2 e5 7. d5 a5 8. Be3 Ng4
9. Bg5 f6 10. Bh4 h5 11. h3 Nh6 12. Nd2 Bd7 13. O-O Nf7 14. Qc2 Bh6 15. b3 Na6
16. a3 Kg7 17. Rab1 Nc5 18. b4 axb4 19. axb4 Na4 20. Nb3 Nxc3 21. Qxc3 Ng5 22.
Bxg5 Bxg5 23. c5 f5 24. c6 bxc6 25. dxc6 Be6 26. exf5 Rxf5 27. b5 Qb8 28. Nd2
Ra2 29. Rb2 Rxb2 30. Qxb2 Bd5 31. Bf3 Bxd2 32. Bxd5 Ba5 33. f3 Qb6+ 34. Kh1 Qd4
35. Qxd4 exd4 36. Bc4 Re5 37. Rd1 Bb6 38. h4 Kf6 39. Kh2 Re3 40. Kg3 Kf5 41.
Bd3+ Kf6 42. Kf4 Re5 43. g4 hxg4 44. fxg4 Re3 45. g5+ Kg7 46. Kg4 d5 47. h5
gxh5+ 48. Kxh5 Bc5 49. Bf5 Re2 50. Rc1 Bb6 51. Rb1 Re3 52. Kg4 Re8 53. Rh1 Rh8
54. Re1 Bc5 55. Re5 Rd8 56. Bd7 Rb8 57. Rxd5 Rxb5 58. Bf5 d3 59. Bxd3 Rb4+ 60.
Kf5 Rd4 61. Rd7+ Rxd7 62. cxd7 Be7 63. g6 Bh4 64. Ke6 Kf8 65. Kd5 Bf6 66. Kc6
 1-0

[Event "2. Bundesliga Ost 2013/2014"]
[Site "Wien"]
[Date "2014.01.25"]
[Round "6"]
[Board "4"]
[White "Bachofner, Andreas"]
[Black "Nemeth, Denes"]
[Result "1-0"]
[WhiteElo "2222"]
[BlackElo "2275"]
[PlyCount "49"]
[EventDate "2013.10.05"]
[EventType "team"]
[EventRounds "11"]
[EventCountry "AUT"]
[WhiteTeam "Blackburne Nickelsdorf"]
[BlackTeam "SGM Sparkasse Ternitz"]

1. e4 c5 2. Nf3 d6 3. d4 cxd4 4. Nxd4 Nf6 5. Nc3 g6 6. Be3 Bg7 7. f3 O-O 8. Qd2
Nc6 9. O-O-O d5 10. exd5 Nxd5 11. Nxc6 bxc6 12. Bd4 e5 13. Bc5 Qc7 14. Bxf8
Bxf8 15. Bc4 Rb8 16. Nxd5 cxd5 17. Bxd5 Qb6 18. b3 Bf5 19. g4 Bb4 20. Qg5 Qa5
21. Kb1 Be6 22. Bxe6 fxe6 23. Rd7 Qb5 24. Rhd1 Qe2 25. Qf6 1-0

[Event "2. Bundesliga Ost 2013/2014"]
[Site "Wien"]
[Date "2014.01.25"]
[Round "6"]
[Board "5"]
[White "Braun, Karl-Heinz"]
[Black "Koffler, Daniel"]
[Result "0-1"]
[WhiteElo "2050"]
[BlackElo "2180"]
[PlyCount "78"]
[EventDate "2013.10.05"]
[EventType "team"]
[EventRounds "11"]
[EventCountry "AUT"]
[WhiteTeam "SGM Sparkasse Ternitz"]
[BlackTeam "Blackburne Nickelsdorf"]

1. c4 g6 2. Nc3 Bg7 3. Nf3 e5 4. d4 exd4 5. Nxd4 Nc6 6. Nxc6 bxc6 7. e4 Nf6 8.
Bd3 O-O 9. O-O d6 10. Qc2 Be6 11. h3 Nd7 12. b3 Nc5 13. Be3 Nxd3 14. Qxd3 a5
15. Bd4 f6 16. Rad1 Qe7 17. Rfe1 Rae8 18. Na4 c5 19. Bc3 Bd7 20. Bxa5 Bxa4 21.
bxa4 Ra8 22. Qd2 Ra7 23. Rb1 Rfa8 24. Bc3 Rxa4 25. Rb7 Qf7 26. Reb1 Rxa2 27.
Qd5 Qxd5 28. exd5 Rc2 29. R1b3 Rc8 30. g4 f5 31. Bxg7 Kxg7 32. gxf5 gxf5 33.
Rf3 Kf6 34. Rf4 Kg5 35. Rf3 f4 36. Kg2 Kf5 37. Ra7 Ke4 38. Raa3 Rg8+ 39. Kf1
Rxc4 0-1

[Event "2. Bundesliga Ost 2013/2014"]
[Site "Wien"]
[Date "2014.01.25"]
[Round "6"]
[Board "6"]
[White "Steinert, Martin"]
[Black "Thier, Robert"]
[Result "1-0"]
[WhiteElo "2095"]
[BlackElo "1877"]
[PlyCount "87"]
[EventDate "2013.10.05"]
[EventType "team"]
[EventRounds "11"]
[EventCountry "AUT"]
[WhiteTeam "Blackburne Nickelsdorf"]
[BlackTeam "SGM Sparkasse Ternitz"]

1. Nf3 Nf6 2. c4 e6 3. b3 d5 4. Bb2 Be7 5. g4 Nxg4 6. Bxg7 Rg8 7. Bb2 Nxf2 8.
Kxf2 Bh4+ 9. Ke3 Bg5+ 10. Kd3 dxc4+ 11. Kc2 cxb3+ 12. axb3 Bf6 13. Nc3 Nc6 14.
Ra4 a5 15. Qa1 Bd7 16. Ne4 Bxb2 17. Qxb2 Rg6 18. Qh8+ Ke7 19. Qxd8+ Kxd8 20.
Rc4 b5 21. Rc3 Nb4+ 22. Kb2 f6 23. Rg1 Rxg1 24. Nxg1 Nd5 25. Rg3 a4 26. bxa4
bxa4 27. Nc5 e5 28. e4 Rb8+ 29. Ka3 Nb4 30. Nxd7 Kxd7 31. Kxa4 Nc2 32. Bh3+ Kd6
33. Rd3+ Nd4 34. Nf3 c5 35. Nxd4 exd4 36. Rf3 Ke7 37. Bf5 Rb2 38. Rd3 h6 39.
Ka3 Rb1 40. Ka2 Rh1 41. Rh3 c4 42. Rxh6 Rd1 43. Rh7+ Kd6 44. Rd7+ 1-0

[Event "2. Bundesliga Ost 2013/2014"]
[Site "Wien"]
[Date "2014.01.26"]
[Round "7"]
[Board "1"]
[White "Zilka, Stepan"]
[Black "Videki, Sandor"]
[Result "1-0"]
[WhiteElo "2525"]
[BlackElo "2434"]
[PlyCount "89"]
[EventDate "2013.10.05"]
[EventType "team"]
[EventRounds "11"]
[EventCountry "AUT"]
[WhiteTeam "Blackburne Nickelsdorf"]
[BlackTeam "Spg Data Technology Eichgraben/P."]

1. d4 d5 2. c4 c6 3. cxd5 cxd5 4. Nc3 Nf6 5. Nf3 Nc6 6. Bf4 Ne4 7. e3 Nxc3 8.
bxc3 g6 9. Ne5 Bg7 10. Bb5 Bxe5 11. dxe5 O-O 12. O-O Be6 13. Rb1 Qc7 14. Bh6
Rfc8 15. f4 Bf5 16. Bd3 Bxd3 17. Qxd3 e6 18. c4 dxc4 19. Qxc4 Rd8 20. Bg5 Rd7
21. Rfc1 Rc8 22. Qc3 Qb8 23. Qe1 Ne7 24. e4 Rxc1 25. Rxc1 Qd8 26. h3 Rc7 27.
Rd1 Rd7 28. Rc1 Rc7 29. Rd1 Rd7 30. Rb1 Qc8 31. Kh2 Nc6 32. Rc1 Rd4 33. Bf6 Qf8
34. Rc3 Rd7 35. a3 Qb8 36. Qe3 Qe8 37. Rb3 Na5 38. Rb4 Nc6 39. Rb2 Qf8 40. Rf2
Qb8 41. h4 Qc7 42. h5 Rd1 43. hxg6 fxg6 44. Qb3 Qd7 45. f5 1-0

[Event "2. Bundesliga Ost 2013/2014"]
[Site "Wien"]
[Date "2014.01.26"]
[Round "7"]
[Board "2"]
[White "Ganaus, Hannes"]
[Black "Pinter, Erik"]
[Result "1/2-1/2"]
[WhiteElo "2302"]
[BlackElo "2358"]
[PlyCount "50"]
[EventDate "2013.10.05"]
[EventType "team"]
[EventRounds "11"]
[EventCountry "AUT"]
[WhiteTeam "Spg Data Technology Eichgraben/P."]
[BlackTeam "Blackburne Nickelsdorf"]

1. d4 Nf6 2. c4 g6 3. Nc3 Bg7 4. e4 d6 5. Nf3 O-O 6. Be2 e5 7. dxe5 dxe5 8.
Qxd8 Rxd8 9. Nd5 Nxd5 10. cxd5 c6 11. Bg5 f6 12. dxc6 Nxc6 13. Bc4+ Kh8 14. Be3
Bg4 15. O-O Bxf3 16. gxf3 Nd4 17. Bxd4 Rxd4 18. Bd5 Bh6 19. Rfd1 Bd2 20. Kf1
Rc8 21. Rab1 b6 22. h3 Bf4 23. Bb3 Rcd8 24. Bd5 Rc8 25. Bb3 Rcd8 1/2-1/2

[Event "2. Bundesliga Ost 2013/2014"]
[Site "Wien"]
[Date "2014.01.26"]
[Round "7"]
[Board "4"]
[White "Neumeier, Klaus"]
[Black "Koffler, Daniel"]
[Result "1/2-1/2"]
[WhiteElo "2296"]
[BlackElo "2180"]
[PlyCount "76"]
[EventDate "2013.10.05"]
[EventType "team"]
[EventRounds "11"]
[EventCountry "AUT"]
[WhiteTeam "Spg Data Technology Eichgraben/P."]
[BlackTeam "Blackburne Nickelsdorf"]

1. d4 d5 2. c4 e6 3. Nf3 Nf6 4. g3 c5 5. cxd5 exd5 6. Bg2 Nc6 7. O-O Be7 8. Nc3
O-O 9. dxc5 Bxc5 10. Na4 Bd6 11. Be3 Re8 12. Nd4 Rxe3 13. fxe3 Ng4 14. Nxc6
bxc6 15. Rf3 Nxh2 16. Kxh2 Qh4+ 17. Kg1 Bxg3 18. Rxg3 Qxg3 19. Qe1 Qxe3+ 20.
Qf2 Qg5 21. Rf1 Qg6 22. Qh4 Bg4 23. Qe7 f5 24. e3 h5 25. Kh2 Re8 26. Qxa7 Qd6+
27. Kh1 Qg3 28. Qd7 Rxe3 29. Qxc6 Kh8 30. Qxd5 h4 31. Nc3 h3 32. Qa8+ Kh7 33.
Bd5 Re1 34. Rxe1 Qxe1+ 35. Kh2 Qf2+ 36. Kh1 Qf1+ 37. Kh2 Qf2+ 38. Kh1 Qf1+
 1/2-1/2

[Event "2. Bundesliga Ost 2013/2014"]
[Site "Wien"]
[Date "2014.01.26"]
[Round "7"]
[Board "5"]
[White "Steinert, Martin"]
[Black "Weissenbeck, Manuel"]
[Result "0-1"]
[WhiteElo "2095"]
[BlackElo "2249"]
[PlyCount "92"]
[EventDate "2013.10.05"]
[EventType "team"]
[EventRounds "11"]
[EventCountry "AUT"]
[WhiteTeam "Blackburne Nickelsdorf"]
[BlackTeam "Spg Data Technology Eichgraben/P."]

1. Nf3 c5 2. c4 Nc6 3. Nc3 g6 4. g3 Bg7 5. Bg2 b6 6. a3 Bb7 7. Rb1 Nh6 8. d3
O-O 9. O-O Nf5 10. e3 Rb8 11. g4 Nd6 12. Nd5 e6 13. Nf4 f5 14. gxf5 Nxf5 15.
Nh3 h6 16. e4 Nfe7 17. Bf4 e5 18. Be3 Nd4 19. Nxd4 cxd4 20. Bd2 g5 21. Bf3 d6
22. Kh1 Bc8 23. Bg4 Ng6 24. Bxc8 Qxc8 25. Qh5 Nh4 26. Bxg5 Qxh3 27. Bxh4 Kh8
28. f4 Rxf4 29. Rxf4 exf4 30. Rg1 Rg8 31. Qg4 Qxd3 32. Qxf4 Rf8 33. Qg4 Qf3+
34. Qg2 d3 35. Qxf3 Rxf3 36. Bg3 d2 37. Rd1 Bxb2 38. Bxd6 Bc3 39. Bb4 a5 40.
Kg2 axb4 41. Kxf3 bxa3 42. e5 a2 43. e6 a1=Q 44. Rxa1 Bxa1 45. Ke2 Kg7 46. Kxd2
Kf6 0-1

[Event "2. Bundesliga Ost 2013/2014"]
[Site "Wien"]
[Date "2014.01.26"]
[Round "7"]
[Board "6"]
[White "Hechl, Gerald"]
[Black "Batyte, Daiva"]
[Result "1-0"]
[WhiteElo "2182"]
[BlackElo "2135"]
[PlyCount "101"]
[EventDate "2013.10.05"]
[EventType "team"]
[EventRounds "11"]
[EventCountry "AUT"]
[WhiteTeam "Spg Data Technology Eichgraben/P."]
[BlackTeam "Blackburne Nickelsdorf"]

1. d4 Nf6 2. Bg5 d5 3. Bxf6 exf6 4. e3 g6 5. g3 c6 6. Bg2 Bg7 7. Ne2 Na6 8. O-O
Nc7 9. c4 dxc4 10. Na3 O-O 11. Nxc4 Be6 12. Na5 Rb8 13. Nf4 Bd7 14. Qd2 Ne6 15.
Nd3 Re8 16. Rfc1 Ng5 17. Nc5 Bc8 18. h4 Ne6 19. Nd3 f5 20. Rc4 h5 21. Rac1 Bf6
22. Qc3 Qd6 23. Qb4 Be7 24. Qc3 Bf6 25. b4 Nc7 26. Bxc6 Nd5 27. Bxd5 Qxd5 28.
Nf4 Qf3 29. Rc7 Be6 30. Nxe6 Rxe6 31. Qb3 a6 32. Nc4 Rbe8 33. Nd2 Qe2 34. Nf1
f4 35. Qc4 Qf3 36. exf4 Bd8 37. Rd7 Bb6 38. Re1 Qg4 39. Re5 Qd1 40. Kg2 Kf8 41.
Ne3 Qa4 42. Rxb7 Bd8 43. f5 gxf5 44. Nxf5 a5 45. Nh6 R8e7 46. Rxe7 Kxe7 47.
Rxe6+ fxe6 48. Qc5+ Kd7 49. Nf7 Qxb4 50. Ne5+ Ke8 51. Qc6+ 1-0

[Event "2. Bundesliga Ost 2013/2014"]
[Site "Wien"]
[Date "2014.01.26"]
[Round "7"]
[Board "1"]
[White "Nagy, Bence"]
[Black "Csonka, Attila"]
[Result "1/2-1/2"]
[WhiteElo "2358"]
[BlackElo "2387"]
[PlyCount "60"]
[EventDate "2013.10.05"]
[EventType "team"]
[EventRounds "11"]
[EventCountry "AUT"]
[WhiteTeam "SK Austria"]
[BlackTeam "SGM Sparkasse Ternitz"]

1. e4 c6 2. d4 d5 3. exd5 cxd5 4. c4 Nf6 5. Nc3 Nc6 6. cxd5 Nxd5 7. Nf3 Bg4 8.
Be2 e6 9. O-O Be7 10. h3 Bxf3 11. Bxf3 O-O 12. Nxd5 exd5 13. Qb3 Nxd4 14. Qxd5
Bf6 15. Be3 Qxd5 16. Bxd5 Nc2 17. Rac1 Nxe3 18. fxe3 Rad8 19. Bxb7 Bxb2 20.
Rcd1 g6 21. e4 Bd4+ 22. Kh2 Be5+ 23. Kg1 Bd4+ 24. Kh2 Be5+ 25. Kg1 Bd4+ 26. Kh2
Be5+ 27. Kg1 Bd4+ 28. Kh2 Be5+ 29. Kg1 Bd4+ 30. Kh2 Be5+ 1/2-1/2

[Event "2. Bundesliga Ost 2013/2014"]
[Site "Wien"]
[Date "2014.01.26"]
[Round "7"]
[Board "2"]
[White "Schwarhofer, Christopher"]
[Black "Sardy, Peter"]
[Result "1/2-1/2"]
[WhiteElo "2310"]
[BlackElo "2337"]
[PlyCount "121"]
[EventDate "2013.10.05"]
[EventType "team"]
[EventRounds "11"]
[EventCountry "AUT"]
[WhiteTeam "SGM Sparkasse Ternitz"]
[BlackTeam "SK Austria"]

1. e4 c5 2. Nf3 e6 3. d4 cxd4 4. Nxd4 a6 5. Nc3 d6 6. g4 Ne7 7. Be3 Nbc6 8. Nb3
b5 9. f4 Bb7 10. Qd2 Nc8 11. Qf2 Be7 12. O-O-O b4 13. Na4 Qc7 14. Kb1 Rb8 15.
Bg2 Na5 16. Nb6 Nxb3 17. cxb3 Nxb6 18. Bxb6 Qxb6 19. Qxb6 Bxe4+ 20. Bxe4 Rxb6
21. Rc1 Kd7 22. Rc2 d5 23. Bd3 h6 24. Rhc1 Bd6 25. f5 Bf4 26. Rf1 e5 27. Rc5
Kd6 28. Ra5 Rc8 29. Rd1 Rc5 30. Rxa6 Rxa6 31. Bxa6 Ra5 32. Bf1 Bxh2 33. a3 bxa3
34. bxa3 Rxa3 35. Bc4 d4 36. Bxf7 Bf4 37. Kb2 Ra7 38. Bc4 Kc5 39. Bd3 Kb4 40.
Be4 Ra3 41. Bd5 Bg5 42. Re1 Ra5 43. Bc4 Bd2 44. Re2 Bc3+ 45. Kc2 Ra2+ 46. Kd3
Rxe2 47. Kxe2 e4 48. Bd5 d3+ 49. Ke3 d2 50. Ke2 e3 51. Kd1 Ka3 52. Bc4 Kb2 53.
Be2 Kxb3 54. Bf3 Bf6 55. Be2 Kc3 56. Bf3 Kd3 57. Be2+ Ke4 58. Kc2 Bh4 59. Kd1
Kf4 60. Kc2 Bg5 61. Kd1 1/2-1/2

[Event "2. Bundesliga Ost 2013/2014"]
[Site "Wien"]
[Date "2014.01.26"]
[Round "7"]
[Board "3"]
[White "Staudner, Oliver"]
[Black "Danner, Georg"]
[Result "1-0"]
[WhiteElo "2392"]
[BlackElo "2316"]
[PlyCount "109"]
[EventDate "2013.10.05"]
[EventType "team"]
[EventRounds "11"]
[EventCountry "AUT"]
[WhiteTeam "SK Austria"]
[BlackTeam "SGM Sparkasse Ternitz"]

1. e4 c5 2. c3 Nf6 3. e5 Nd5 4. Nf3 Nc6 5. d4 cxd4 6. cxd4 d6 7. Bc4 Nb6 8. Bb5
dxe5 9. Nxe5 Bd7 10. Nxd7 Qxd7 11. Nc3 e6 12. O-O Be7 13. Qg4 O-O 14. Bxc6 bxc6
15. Bh6 Bf6 16. Rfd1 Kh8 17. Ne4 Rg8 18. Nxf6 gxf6 19. Qf3 Nd5 20. Rac1 f5 21.
Rc5 Rg4 22. h3 Rg6 23. Bf4 Rd8 24. a3 f6 25. Rdc1 Ne7 26. R1c4 Qe8 27. Ra5 Rd7
28. Rca4 Qa8 29. Rb4 Rg8 30. Rc4 Rd5 31. Rxd5 Nxd5 32. Bd2 Qb7 33. b4 Qd7 34.
Rc5 Rb8 35. Qg3 Rg8 36. Qf3 Rb8 37. Bh6 Rg8 38. Qe2 Rg6 39. Bd2 Rg7 40. Qc4 Ne7
41. Ra5 Nd5 42. Qc5 f4 43. Ra6 f3 44. g3 e5 45. Rxc6 e4 46. Kh2 e3 47. Bxe3
Nxe3 48. Qf8+ Rg8 49. Qxf6+ Rg7 50. fxe3 f2 51. Rc2 f1=Q 52. Qxf1 Rf7 53. Rf2
Rxf2+ 54. Qxf2 Kg7 55. e4 1-0

[Event "2. Bundesliga Ost 2013/2014"]
[Site "Wien"]
[Date "2014.01.26"]
[Round "7"]
[Board "4"]
[White "Nemeth, Denes"]
[Black "Theissl-Pokorna, Regina"]
[Result "0-1"]
[WhiteElo "2275"]
[BlackElo "2343"]
[PlyCount "76"]
[EventDate "2013.10.05"]
[EventType "team"]
[EventRounds "11"]
[EventCountry "AUT"]
[WhiteTeam "SGM Sparkasse Ternitz"]
[BlackTeam "SK Austria"]

1. d4 Nf6 2. Nf3 e6 3. g3 d5 4. Bg2 c5 5. O-O Nc6 6. c4 dxc4 7. Qa4 Bd7 8. Qxc4
b5 9. Qd3 c4 10. Qd1 Rc8 11. Ne5 Nxe5 12. dxe5 Ng4 13. Qd4 h5 14. h3 Bc5 15.
Qf4 Nh6 16. Nc3 f5 17. exf6 Qxf6 18. Ne4 Qxf4 19. Bxf4 Nf7 20. Rfd1 Be7 21.
Nd6+ Nxd6 22. Bxd6 Bc6 23. Rd4 Bf6 24. Bxc6+ Rxc6 25. Rd2 Kf7 26. Bb4 Rd8 27.
Rxd8 Bxd8 28. a4 Ra6 29. a5 Bf6 30. Rb1 Be7 31. Bd2 b4 32. Rc1 Rc6 33. Be3 Bf6
34. Rc2 b3 35. Rd2 c3 36. bxc3 Bxc3 37. Rd1 b2 38. Rb1 Ra6 0-1

[Event "2. Bundesliga Ost 2013/2014"]
[Site "Wien"]
[Date "2014.01.26"]
[Round "7"]
[Board "5"]
[White "Druckenthaner, Andreas"]
[Black "Degen, Gerhard"]
[Result "1-0"]
[WhiteElo "2324"]
[BlackElo "2121"]
[PlyCount "103"]
[EventDate "2013.10.05"]
[EventType "team"]
[EventRounds "11"]
[EventCountry "AUT"]
[WhiteTeam "SK Austria"]
[BlackTeam "SGM Sparkasse Ternitz"]

1. e4 c6 2. d4 d5 3. Nd2 dxe4 4. Nxe4 Bf5 5. Ng3 Bg6 6. N1e2 e6 7. Nf4 Bd6 8.
h4 Qc7 9. Nxg6 hxg6 10. Ne4 Be7 11. g3 Nf6 12. Ng5 Nbd7 13. Bg2 Nb6 14. Qe2 Rd8
15. c3 c5 16. Bf4 Qc8 17. dxc5 Bxc5 18. Qb5+ Kf8 19. Ne4 Nxe4 20. Bxe4 Rh5 21.
Bg5 Be7 22. g4 Rh8 23. Bxe7+ Kxe7 24. Qg5+ Ke8 25. O-O Nd5 26. Rad1 b6 27. Bxd5
Rxd5 28. Rxd5 exd5 29. Rd1 Kf8 30. Rxd5 f6 31. Qf4 Rxh4 32. f3 Kg8 33. Kg2 Kh7
34. Qg3 g5 35. Qd6 Qe8 36. Rd2 Qe1 37. Qd3+ Kh6 38. Rd1 Qe6 39. b3 Qe5 40. Rh1
Qf4 41. c4 Qe5 42. Qd2 Kh7 43. Qf2 Rxh1 44. Kxh1 Kg8 45. Kg2 Kf7 46. Qd2 Ke7
47. b4 Qd6 48. Qxd6+ Kxd6 49. Kf2 Ke5 50. Ke3 g6 51. a3 f5 52. b5 1-0

[Event "2. Bundesliga Ost 2013/2014"]
[Site "Wien"]
[Date "2014.01.26"]
[Round "7"]
[Board "6"]
[White "Ungerboeck, Guenter"]
[Black "Liedl, Wolfgang"]
[Result "1/2-1/2"]
[WhiteElo "2025"]
[BlackElo "2200"]
[PlyCount "40"]
[EventDate "2013.10.05"]
[EventType "team"]
[EventRounds "11"]
[EventCountry "AUT"]
[WhiteTeam "SGM Sparkasse Ternitz"]
[BlackTeam "SK Austria"]

1. e4 e6 2. d4 d5 3. Nd2 c5 4. exd5 exd5 5. Ngf3 Nf6 6. Be2 Nc6 7. O-O cxd4 8.
Bb5 Be7 9. Nxd4 Bd7 10. N2f3 O-O 11. c3 Ne4 12. Be3 Bf6 13. Qb3 Nxd4 14. Nxd4
Bxd4 15. cxd4 Be6 16. Rac1 Nd6 17. Bd3 Qb6 18. Qxb6 axb6 19. Bf4 Nf5 20. Bxf5
Bxf5 1/2-1/2

[Event "2. Bundesliga Ost 2013/2014"]
[Site "Wien"]
[Date "2014.01.26"]
[Round "7"]
[Board "1"]
[White "Antal, Gergely"]
[Black "Sommerbauer, Norbert"]
[Result "1-0"]
[WhiteElo "2517"]
[BlackElo "2424"]
[PlyCount "63"]
[EventDate "2013.10.05"]
[EventType "team"]
[EventRounds "11"]
[EventCountry "AUT"]
[WhiteTeam "ASVOE Wulkaprodersdorf"]
[BlackTeam "Raiffeisen Waehring"]

1. e4 c5 2. Nf3 e6 3. b3 a6 4. Bb2 Nc6 5. Be2 d6 6. d4 cxd4 7. Nxd4 Bd7 8. c4
Nf6 9. Nc3 Be7 10. Nc2 O-O 11. O-O Qb8 12. Kh1 Rd8 13. f4 b5 14. cxb5 axb5 15.
b4 Be8 16. Qe1 e5 17. a3 Nd4 18. Nxd4 exd4 19. Nd5 Nxd5 20. exd5 Bf6 21. Bd3
Bd7 22. Qe4 g6 23. f5 Re8 24. Qf4 g5 25. Qg4 Re3 26. Bxd4 Bxd4 27. Qxd4 Qa7 28.
Qf6 Rxd3 29. Qxg5+ Kh8 30. Qf6+ Kg8 31. Qg5+ Kh8 32. Rf4 1-0

[Event "2. Bundesliga Ost 2013/2014"]
[Site "Wien"]
[Date "2014.01.26"]
[Round "7"]
[Board "2"]
[White "Lendwai, Reinhard"]
[Black "Volkmann, Friedrich Karl"]
[Result "1/2-1/2"]
[WhiteElo "2379"]
[BlackElo "2420"]
[PlyCount "119"]
[EventDate "2013.10.05"]
[EventType "team"]
[EventRounds "11"]
[EventCountry "AUT"]
[WhiteTeam "Raiffeisen Waehring"]
[BlackTeam "ASVOE Wulkaprodersdorf"]

1. c4 Nf6 2. Nc3 e5 3. g3 Bb4 4. Bg2 O-O 5. e4 d6 6. Nge2 a6 7. O-O b5 8. d3
Nbd7 9. h3 Rb8 10. Kh1 Kh8 11. b3 bxc4 12. dxc4 Bb7 13. Bb2 Bc5 14. Qc2 a5 15.
Rad1 Bc6 16. Ba1 a4 17. Nxa4 Bxa4 18. bxa4 Qc8 19. Nc1 Qa6 20. Nd3 Ra8 21. f4
Rfe8 22. fxe5 dxe5 23. Rf5 Qxa4 24. Qxa4 Rxa4 25. Nxc5 Nxc5 26. Rxe5 Rxe5 27.
Bxe5 Ne6 28. Rf1 Rxa2 29. Bxf6 gxf6 30. Rxf6 Kg7 31. e5 Re2 32. Rf5 Nd4 33.
Rg5+ Kf8 34. Rg4 c5 35. Rg5 h6 36. Rh5 Kg7 37. Bd5 Re3 38. Kh2 Kg6 39. g4 Ne6
40. Rf5 Ng5 41. Bg2 Ne6 42. h4 Kg7 43. Bd5 Re2+ 44. Kg3 Re3+ 45. Kf2 Rh3 46.
Rf6 h5 47. gxh5 Rxh4 48. Rf5 Rf4+ 49. Rxf4 Nxf4 50. Kf3 Nxh5 51. Kg4 Kg6 52.
Be4+ Kh6 53. Bb1 Ng7 54. Kf4 Ne6+ 55. Ke4 Kg5 56. Kd5 Kf4 57. Bh7 Nc7+ 58. Kd6
Ne8+ 59. Kd5 Nc7+ 60. Kd6 1/2-1/2